[Event "Kandidatklassen 2011"]
[Site "Odense"]
[Date "2011.04.21"]
[Round "3"]
[White "Jorgensen, Brian Jorgen"]
[Black "Schou Moldt, Thomas"]
[Result "1/2-1/2"]
[WhiteElo "2211"]
[BlackElo "2125"]
[PlyCount "194"]
[EventDate "2011.??.??"]
[EventCountry "DEN"]
[SourceDate "2014.05.18"]

1. d4 Nf6 2. Nf3 d5 3. Bf4 c5 4. e3 Nc6 5. c3 Qb6 6. Qc2 cxd4 7. exd4 Nh5 8.
Bc1 Nf6 9. Bd3 Bg4 10. Ne5 Bh5 11. f4 e6 12. Nd2 Rc8 13. Ndf3 Bd6 14. Qe2 Rc7
15. O-O Re7 16. Kh1 Qc7 17. Bd2 Bg6 18. Bxg6 hxg6 19. Ng5 Nd8 20. Kg1 Qb6 21.
Be3 Rh5 22. Rae1 a6 23. Bf2 Qb5 24. Qc2 Bxe5 25. fxe5 Ng4 26. Nf3 Nxf2 27. Rxf2
Rf5 28. Qd2 Qa4 29. b3 Qa5 30. g4 Rxf3 31. Rxf3 Nc6 32. Ref1 Qb6 33. Qf2 Nd8
34. Qh4 Qa5 35. Qf2 b5 36. Qd2 Qb6 37. Rh3 Kd7 38. Rh7 Nc6 39. Rf2 b4 40. cxb4
Qxd4 41. Qxd4 Nxd4 42. Rxg7 Ke8 43. Rg8+ Kd7 44. Ra8 Nc6 45. Rxa6 Nxe5 46. b5
Re8 47. Rc2 Rb8 48. a4 d4 49. Kf1 Nxg4 50. Rcc6 Ne3+ 51. Ke2 Nd5 52. Rd6+ Ke7
53. Rxd5 exd5 54. Kd3 Rh8 55. Kxd4 Rh3 56. b4 Kd7 57. Kxd5 Rh5+ 58. Kc4 Kc7 59.
Rc6+ Kb7 60. Rf6 Rh4+ 61. Kc5 Rh5+ 62. Kd6 Rxh2 63. Rxf7+ Kb6 64. a5+ Kxb5 65.
Rb7+ Ka6 66. Rb6+ Ka7 67. Kc6 Rh7 68. Kb5 Rg7 69. Ra6+ Kb8 70. Re6 g5 71. Kb6
Rb7+ 72. Kc5 Rc7+ 73. Kd4 Rg7 74. Re3 g4 75. Rg3 Rb7 76. Kc3 Rg7 77. Kd3 Ka7
78. Ke3 Ka6 79. Kf4 Rb7 80. Rb3 Rg7 81. Rb2 Rg8 82. Kg3 Kb5 83. Rb1 Rg7 84. Kh4
g3 85. Kh3 g2 86. Kh2 Rg8 87. Kg1 Rg7 88. Rb2 Rg4 89. Rb1 Rg8 90. Rb2 Rg4 91.
Ra2 Kxb4 92. a6 Rg8 93. Rb2+ Ka5 94. a7 Ra8 95. Kxg2 Rxa7 96. Ra2+ Kb6 97. Rxa7
Kxa7 1/2-1/2

[Event "Kandidatklassen 2011"]
[Site "Odense"]
[Date "2011.04.21"]
[Round "3"]
[White "Vovk, Oksana"]
[Black "Sorensen, Torben Kyhl"]
[Result "1/2-1/2"]
[WhiteElo "2253"]
[BlackElo "2172"]
[PlyCount "104"]
[EventDate "2011.??.??"]
[EventCountry "DEN"]
[SourceDate "2014.05.18"]

1. d4 Nf6 2. c4 g6 3. g3 Bg7 4. Bg2 d5 5. cxd5 Nxd5 6. e4 Nb6 7. Ne2 O-O 8. O-O
Nc6 9. d5 Na5 10. Nbc3 c6 11. Bf4 cxd5 12. exd5 e5 13. Bc1 Nac4 14. b3 Nd6 15.
Ba3 Re8 16. Qd2 Bf8 17. Bb2 Bf5 18. Rfe1 Rc8 19. Rad1 Nd7 20. Nc1 Nc5 21. Qe2
Qb6 22. g4 Bd7 23. h3 f5 24. Nd3 Nxd3 25. Rxd3 Bg7 26. gxf5 Nxf5 27. Rdd1 Nd4
28. Qe3 Qd8 29. Rc1 Qh4 30. Qg3 Qh5 31. Kh1 Bf5 32. Bf1 Bh6 33. Rcd1 Bf4 34.
Qg2 Bc2 35. Ne4 Rf8 36. Rxd4 exd4 37. Bxd4 Be5 38. Bxa7 Rf4 39. Ng3 Qg5 40. Be3
Rc3 41. Bxf4 Qxf4 42. Kg1 Rc8 43. Bc4 Kh8 44. Ne4 Rf8 45. Ng5 Bd4 46. Rf1 Bf5
47. Ne6 Bxe6 48. dxe6 b6 49. Kh1 Bc5 50. Qg4 Qe5 51. Qg3 Qd4 52. Qg4 Qe5
1/2-1/2

[Event "Kandidatklassen 2011"]
[Site "Odense"]
[Date "2011.04.21"]
[Round "3"]
[White "Olsen, Peter Erik"]
[Black "Haubro, Martin"]
[Result "1-0"]
[WhiteElo "2201"]
[BlackElo "2022"]
[PlyCount "73"]
[EventDate "2011.??.??"]
[EventCountry "DEN"]
[SourceDate "2014.05.18"]

1. Nf3 d6 2. d3 g6 3. g3 Bg7 4. Bg2 Nf6 5. O-O O-O 6. c4 a5 7. Nc3 c6 8. Bd2
Na6 9. Qc2 Rb8 10. a3 e5 11. Rab1 b5 12. cxb5 cxb5 13. b4 a4 14. Bg5 h6 15.
Bxf6 Bxf6 16. Nd5 Bb7 17. Nd2 Bg7 18. Rbc1 Qd7 19. Qa2 Qe6 20. Rc2 Rfc8 21.
Rxc8+ Rxc8 22. Nf6+ Qxf6 23. Bxb7 Rb8 24. Ne4 Qd8 25. Bxa6 Rb6 26. Bxb5 Rxb5
27. Nc3 Rb7 28. Nd5 Kh7 29. Rc1 Qg5 30. Rc8 h5 31. Qc4 f5 32. e3 f4 33. exf4
exf4 34. Nxf4 Re7 35. Rc7 Re1+ 36. Kg2 Qg4 37. Qf7 1-0

[Event "Kandidatklassen 2011"]
[Site "Odense"]
[Date "2011.04.21"]
[Round "3"]
[White "Brondt, Nicolai Kvist"]
[Black "Kwapinski, Leszek"]
[Result "1-0"]
[WhiteElo "2151"]
[BlackElo "2057"]
[PlyCount "99"]
[EventDate "2011.??.??"]
[EventCountry "DEN"]
[SourceDate "2014.05.18"]

1. d4 Nf6 2. Nf3 g6 3. c4 Bg7 4. Nc3 d5 5. Bg5 Ne4 6. cxd5 Nxg5 7. Nxg5 e6 8.
Nf3 exd5 9. e3 O-O 10. Be2 c6 11. b4 Qd6 12. Qb3 Be6 13. O-O Nd7 14. Rfc1 b5
15. a4 a6 16. a5 Nf6 17. Ne5 Rfc8 18. f4 Ne8 19. Nd1 f6 20. Nd3 Qe7 21. Nc5 Nd6
22. Nf2 Bf7 23. Bf3 Nc4 24. Re1 Qc7 25. Qd3 Bf8 26. Re2 Re8 27. Rae1 Red8 28.
Qc3 Bg7 29. g4 g5 30. f5 Bf8 31. Nfd3 Ra7 32. e4 dxe4 33. Nxe4 Bg7 34. Ndc5 Rd5
35. Nd2 Rd6 36. Nxc4 Bxc4 37. Re8+ Bf8 38. Ne4 Bf7 39. Nxd6 Qxd6 40. Rc8 Kg7
41. Qc5 Re7 42. Rxe7 Bxe7 43. Qxd6 Bxd6 44. Rxc6 Bxb4 45. Rxa6 Bc3 46. d5 b4
47. Rb6 b3 48. Rxb3 Bxa5 49. Rb7 Kf8 50. Kf1 1-0

[Event "Kandidatklassen 2011"]
[Site "Odense"]
[Date "2011.04.22"]
[Round "4"]
[White "Aabling Thomsen, Jakob"]
[Black "Carstensen, Jacob"]
[Result "1/2-1/2"]
[WhiteElo "2313"]
[BlackElo "2357"]
[PlyCount "110"]
[EventDate "2011.??.??"]
[EventCountry "DEN"]
[SourceDate "2014.05.18"]

1. e4 c5 2. Nf3 d6 3. d4 Nf6 4. Nc3 cxd4 5. Nxd4 a6 6. Qe2 g6 7. Bg5 Bg7 8.
O-O-O Bd7 9. h4 Nc6 10. Nxc6 bxc6 11. e5 dxe5 12. h5 Nxh5 13. Rxh5 gxh5 14.
Qxh5 Qc8 15. Qh4 Bf5 16. Ne4 Bxe4 17. Qxe4 Qe6 18. Kb1 Qg6 19. Qe3 O-O 20. Bxe7
Rfe8 21. Rd6 Qh5 22. Be2 Qh1+ 23. Rd1 Qh6 24. Bg5 Qe6 25. Rh1 e4 26. Bh6 Qe5
27. c3 Bxh6 28. Qxh6 Qg7 29. Qe3 Rad8 30. Bxa6 Qxg2 31. Qc1 Kh8 32. Qh6 Qg6 33.
Qe3 Re5 34. Be2 Qg5 35. Qh3 Qf5 36. Bg4 Qg6 37. Bh5 Qg7 38. a4 Rg5 39. Qh4 Qh6
40. Ka2 Ra8 41. b3 Rb5 42. f4 Qe6 43. Bd1 Qg6 44. Rh2 f5 45. Be2 Rb7 46. Bc4
Rg7 47. Rd2 Qe8 48. Qf6 e3 49. Rh2 Qg6 50. Qd4 Re8 51. Bd3 Qg3 52. Re2 c5 53.
Qd6 Qf3 54. Bb5 Ra8 55. Ka3 Qf1 1/2-1/2

[Event "Kandidatklassen 2011"]
[Site "Odense"]
[Date "2011.04.22"]
[Round "4"]
[White "Rendboe, John Filip"]
[Black "Kaaber Hansen, Jacob"]
[Result "1-0"]
[WhiteElo "2253"]
[BlackElo "2239"]
[PlyCount "77"]
[EventDate "2011.??.??"]
[EventCountry "DEN"]
[SourceDate "2014.05.18"]

1. d4 d5 2. c4 c6 3. Nc3 Nf6 4. Nf3 e6 5. cxd5 exd5 6. Bg5 Be7 7. e3 Bf5 8. Be2
Nbd7 9. O-O h6 10. Bh4 O-O 11. Nd2 Re8 12. a3 a5 13. f3 Bg6 14. Rc1 Qb6 15. Qb3
Qxb3 16. Nxb3 Bd6 17. Bf2 a4 18. Nd2 Re7 19. Rfe1 Bc7 20. Nf1 Ba5 21. Red1 Nb6
22. Bg3 Nh5 23. Bf2 Nf4 24. exf4 Bxc3 25. bxc3 Rxe2 26. f5 Bh7 27. Rb1 Ra6 28.
g4 g6 29. Ne3 gxf5 30. gxf5 h5 31. Rb4 Rxe3 32. Bxe3 Nc4 33. Kf2 b5 34. Rg1+
Kf8 35. Rg5 Nxa3 36. Rxh5 Bg8 37. f6 Nc4 38. Rxc4 a3 39. Re5 1-0

[Event "Kandidatklassen 2011"]
[Site "Odense"]
[Date "2011.04.22"]
[Round "4"]
[White "Ochsner, Bjorn Moller"]
[Black "Pedersen, Jan Nordenbaek"]
[Result "1/2-1/2"]
[WhiteElo "2251"]
[BlackElo "2246"]
[PlyCount "62"]
[EventDate "2011.??.??"]
[EventCountry "DEN"]
[SourceDate "2014.05.18"]

1. e4 c5 2. Nf3 Nc6 3. d4 cxd4 4. Nxd4 Nf6 5. Nc3 e5 6. Ndb5 d6 7. Bg5 a6 8.
Na3 b5 9. Nd5 Qa5+ 10. Bd2 Qd8 11. Bg5 Qa5+ 12. Bd2 Qd8 13. c4 Nxe4 14. cxb5
Be6 15. Bc4 Ne7 16. Be3 Rc8 17. Nb6 d5 18. Bd3 Nf5 19. Qa4 a5 20. Bxe4 Bb4+ 21.
Ke2 dxe4 22. Rhd1 Nd4+ 23. Bxd4 exd4 24. Nxc8 d3+ 25. Kf1 Qxc8 26. Rac1 Qb8 27.
Kg1 O-O 28. Nc4 Bg4 29. Nxa5 Bxa5 30. Qxa5 Bxd1 31. Rxd1 Qe5 1/2-1/2

[Event "Kandidatklassen 2011"]
[Site "Odense"]
[Date "2011.04.22"]
[Round "4"]
[White "Wiecker, Stefan"]
[Black "Laursen, Niels Norskov"]
[Result "0-1"]
[WhiteElo "2155"]
[BlackElo "2221"]
[PlyCount "83"]
[EventDate "2011.??.??"]
[EventCountry "DEN"]
[SourceDate "2014.05.18"]

1. e4 c5 2. Nf3 e6 3. d4 cxd4 4. Nxd4 a6 5. Bd3 Qc7 6. O-O Nf6 7. Qe2 d6 8. a4
Nc6 9. Nxc6 bxc6 10. a5 Be7 11. Nd2 Nd7 12. Qg4 Bf6 13. Qg3 Rb8 14. Nc4 Ne5 15.
Nb6 O-O 16. f4 Nxd3 17. cxd3 Bd4+ 18. Kh1 f5 19. e5 dxe5 20. Nc4 c5 21. fxe5
Bd7 22. Bg5 Bc6 23. Rae1 Bxb2 24. Qh4 Rf7 25. Re3 h6 26. Bxh6 gxh6 27. Qxh6 Bd5
28. Nb6 Bxe5 29. Nxd5 exd5 30. Rfe1 Bg7 31. Qxa6 f4 32. Re8+ Rxe8 33. Rxe8+ Kh7
34. Qe6 Qd7 35. Qe1 Qg4 36. h3 Qg3 37. Qb1 Bd4 38. Qb8 Qg6 39. Qd8 Qh5 40. Kh2
f3 41. Qd6 f2 42. Qg3 0-1

[Event "Kandidatklassen 2011"]
[Site "Odense"]
[Date "2011.04.22"]
[Round "4"]
[White "Hartvig, Ove Weiss"]
[Black "Brondt, Nicolai Kvist"]
[Result "1/2-1/2"]
[WhiteElo "2219"]
[BlackElo "2151"]
[PlyCount "72"]
[EventDate "2011.??.??"]
[EventCountry "DEN"]
[SourceDate "2014.05.18"]

1. e4 c6 2. d4 d5 3. e5 Bf5 4. Nf3 e6 5. Be2 Nd7 6. O-O Ne7 7. b3 c5 8. Bb2 Nc6
9. c4 dxc4 10. Bxc4 Bxb1 11. Rxb1 Nb6 12. Bb5 Nd5 13. Rc1 Qb6 14. Bxc6+ bxc6
15. dxc5 Bxc5 16. Qc2 Be7 17. Bd4 Qb7 18. Qxc6+ Qxc6 19. Rxc6 a5 20. Rfc1 Kd7
21. R6c4 Rhb8 22. Bc5 Bxc5 23. Rxc5 a4 24. Nd4 Rb4 25. Nc6 Re4 26. Kf1 axb3 27.
axb3 Ra2 28. Nb8+ Ke7 29. Rb5 g6 30. Nc6+ Kf8 31. Re1 Rxe1+ 32. Kxe1 Ra1+ 33.
Kd2 Ra2+ 34. Ke1 Ra1+ 35. Kd2 Ra2+ 36. Ke1 Ra1+ 1/2-1/2

[Event "Kandidatklassen 2011"]
[Site "Odense"]
[Date "2011.04.22"]
[Round "4"]
[White "Schou Moldt, Thomas"]
[Black "Dyrgaard, Kristoffer"]
[Result "1-0"]
[WhiteElo "2125"]
[BlackElo "2218"]
[PlyCount "59"]
[EventDate "2011.??.??"]
[EventCountry "DEN"]
[SourceDate "2014.05.18"]

1. e4 c5 2. Nf3 Nc6 3. d4 cxd4 4. Nxd4 Nf6 5. Nc3 e5 6. Nf5 d5 7. exd5 Bxf5 8.
dxc6 bxc6 9. Qf3 Qc8 10. Ba6 Qxa6 11. Qxf5 Bd6 12. Bh6 Nh5 13. Qxh5 gxh6 14.
O-O-O O-O-O 15. Qxf7 Bc7 16. Qb3 Rd4 17. Rxd4 exd4 18. Ne4 Qa5 19. Rd1 Re8 20.
f3 Re5 21. a4 Rd5 22. Qc4 Kb7 23. Kb1 Bb6 24. Nf6 Rc5 25. Qf7+ Bc7 26. Rd3 Qxa4
27. Rb3+ Rb5 28. Ne8 Qa5 29. Nd6+ Kb8 30. Qe8+ 1-0

[Event "Kandidatklassen 2011"]
[Site "Odense"]
[Date "2011.04.22"]
[Round "4"]
[White "Hansen, Mads"]
[Black "Jorgensen, Brian Jorgen"]
[Result "0-1"]
[WhiteElo "2187"]
[BlackElo "2211"]
[PlyCount "110"]
[EventDate "2011.??.??"]
[EventCountry "DEN"]
[SourceDate "2014.05.18"]

1. e4 e6 2. d3 d5 3. Nd2 c5 4. Ngf3 Nc6 5. g3 g6 6. Bg2 Bg7 7. O-O Nge7 8. Re1
O-O 9. c3 b6 10. Qe2 a5 11. e5 a4 12. Nf1 h6 13. h4 Ba6 14. N1h2 Nf5 15. h5
gxh5 16. Bf4 Nce7 17. Bh3 Re8 18. Qd2 Kh7 19. d4 cxd4 20. cxd4 Qd7 21. Kg2 Qb5
22. Rad1 Rec8 23. g4 hxg4 24. Nxg4 Qa5 25. Nf6+ Kh8 26. Bxf5 Qxd2 27. Bxd2 Nxf5
28. Rh1 Be2 29. Rdg1 Bxf3+ 30. Kxf3 Nxd4+ 31. Ke3 Nf5+ 32. Kd3 Rc4 33. f3 Rd4+
34. Ke2 Rc8 35. Bc3 Rh4 36. Rxh4 Nxh4 37. Rg4 a3 38. Rb4 Nf5 39. Rxb6 d4 40.
Bd2 Bxf6 41. exf6 axb2 42. a4 Rc1 43. Rxb2 Ra1 44. Rb7 Kg8 45. a5 h5 46. Ra7 h4
47. Bf4 h3 48. Kf2 Ra2+ 49. Kg1 Nh4 50. Ra8+ Kh7 51. Rf8 Nxf3+ 52. Kf1 h2 53.
Rxf7+ Kg6 54. Rg7+ Kxf6 55. Rg1 hxg1=Q# 0-1

[Event "Kandidatklassen 2011"]
[Site "Odense"]
[Date "2011.04.22"]
[Round "4"]
[White "Sorensen, Torben Kyhl"]
[Black "Olsen, Peter Erik"]
[Result "1/2-1/2"]
[WhiteElo "2172"]
[BlackElo "2201"]
[PlyCount "22"]
[EventDate "2011.??.??"]
[EventCountry "DEN"]
[SourceDate "2014.05.18"]

1. e4 d5 2. exd5 Qxd5 3. Nc3 Qa5 4. d4 Nf6 5. Bc4 Bg4 6. Nf3 Nc6 7. Bd2 O-O-O
8. d5 Qc5 9. dxc6 Qxc4 10. cxb7+ Kxb7 11. Qe2 Qxe2+ 1/2-1/2

[Event "Kandidatklassen 2011"]
[Site "Odense"]
[Date "2011.04.22"]
[Round "4"]
[White "Vovk, Oksana"]
[Black "Rostgaard, Tobias Valentin"]
[Result "0-1"]
[WhiteElo "2253"]
[BlackElo "2205"]
[PlyCount "88"]
[EventDate "2011.??.??"]
[EventCountry "DEN"]
[SourceDate "2014.05.18"]

1. d4 g6 2. Nf3 Bg7 3. e4 d6 4. Bc4 a6 5. a4 b6 6. Nc3 e6 7. O-O Nd7 8. Bg5 Ne7
9. Qd2 h6 10. Be3 Bb7 11. Ne1 d5 12. exd5 exd5 13. Be2 Nf5 14. Bf3 Nf6 15. g3
O-O 16. Ng2 Nxe3 17. Nxe3 Ne4 18. Qd3 f5 19. Bg2 a5 20. Rfe1 Ba6 21. Qd1 c6 22.
Nxe4 fxe4 23. c3 Qf6 24. Qd2 Ra7 25. b3 h5 26. Ra2 Raf7 27. Qc1 Qe6 28. h4 Bh6
29. Rc2 Bd3 30. Rd2 Qd6 31. Qd1 Qf6 32. Bh3 Kh8 33. Bg2 Rh7 34. Rb2 Bxe3 35.
Rxe3 g5 36. hxg5 Qxg5 37. Qe1 Rg8 38. Bf1 Bxf1 39. Kxf1 h4 40. Ke2 hxg3 41.
Rxg3 Qh5+ 42. Kd2 Rxg3 43. fxg3 Qf3 44. Rb1 Rh2+ 0-1

[Event "Kandidatklassen 2011"]
[Site "Odense"]
[Date "2011.04.22"]
[Round "4"]
[White "Kwapinski, Leszek"]
[Black "Haubro, Martin"]
[Result "0-1"]
[WhiteElo "2057"]
[BlackElo "2022"]
[PlyCount "64"]
[EventDate "2011.??.??"]
[EventCountry "DEN"]
[SourceDate "2014.05.18"]

1. e4 c5 2. d4 cxd4 3. c3 d3 4. Bxd3 d6 5. c4 g6 6. Nc3 Bg7 7. Nge2 Nc6 8. b3
Nf6 9. O-O O-O 10. h3 a6 11. Be3 Rb8 12. Rc1 Bd7 13. a3 Qa5 14. Nd5 Nxd5 15.
cxd5 Ne5 16. Bb1 Bb5 17. f4 Nd7 18. a4 Bxe2 19. Qxe2 b5 20. Rc6 bxa4 21. Rxa6
Qc3 22. bxa4 Rb2 23. Qe1 Rxb1 24. Qxb1 Qxe3+ 25. Kh1 Nc5 26. Rb6 Nxe4 27. Rf3
Qe2 28. Qb5 Qe1+ 29. Kh2 Bd4 30. Qb1 Bg1+ 31. Kh1 Nf2+ 32. Rxf2 Bxf2+ 0-1

[Event "Kandidatklassen 2011"]
[Site "Odense"]
[Date "2011.04.23"]
[Round "5"]
[White "Carstensen, Jacob"]
[Black "Rendboe, John Filip"]
[Result "1-0"]
[WhiteElo "2357"]
[BlackElo "2253"]
[PlyCount "81"]
[EventDate "2011.??.??"]
[EventCountry "DEN"]
[SourceDate "2014.05.18"]

1. d4 d5 2. c4 c6 3. Nf3 Nf6 4. Nc3 dxc4 5. a4 Bf5 6. e3 e6 7. Bxc4 Bb4 8. O-O
O-O 9. Qb3 Qe7 10. Ne5 Bd6 11. Be2 Qc7 12. f4 Ne4 13. Bf3 Nxc3 14. bxc3 Nd7 15.
e4 Bg6 16. Nxg6 hxg6 17. e5 Be7 18. Be3 Rab8 19. c4 b6 20. Qd3 a5 21. Qe4 Rfc8
22. Be2 Bb4 23. g4 Nf8 24. f5 Re8 25. fxg6 Nxg6 26. Bd3 c5 27. Rxf7 Qxf7 28.
Rf1 Qxf1+ 29. Kxf1 cxd4 30. Qxg6 dxe3 31. Qh7+ Kf8 32. Bg6 Rec8 33. Qh8+ Ke7
34. Qxg7+ Kd8 35. Bf7 Rb7 36. Ke2 Rxc4 37. Qg8+ Kc7 38. Bxe6 Rc2+ 39. Kxe3 Rc3+
40. Ke4 Rb8 41. Qf7+ 1-0

[Event "Kandidatklassen 2011"]
[Site "Odense"]
[Date "2011.04.23"]
[Round "5"]
[White "Laursen, Niels Norskov"]
[Black "Aabling Thomsen, Jakob"]
[Result "1-0"]
[WhiteElo "2221"]
[BlackElo "2313"]
[PlyCount "85"]
[EventDate "2011.??.??"]
[EventCountry "DEN"]
[SourceDate "2014.05.18"]

1. e4 g6 2. d4 Bg7 3. Nc3 d6 4. Be3 c6 5. Qd2 b5 6. Bd3 Nd7 7. a4 b4 8. Nd1 a5
9. c3 Rb8 10. Ne2 h5 11. O-O Ngf6 12. f4 Ng4 13. e5 Nf8 14. exd6 Qxd6 15. h3
Nh6 16. f5 Bxf5 17. Bf4 e5 18. Bh2 Nd7 19. Ne3 Bxd3 20. Qxd3 O-O 21. Rad1 bxc3
22. Nc4 Qe6 23. Nxc3 Rb4 24. d5 cxd5 25. Nxd5 e4 26. Qc2 Rb7 27. Bd6 Nf5 28.
Nf4 Qf6 29. Qxe4 Rb3 30. Nxh5 Qg5 31. Nxg7 Kxg7 32. Bxf8+ Nxf8 33. Qf4 Qh5 34.
Nd6 Rb4 35. Nxf5+ gxf5 36. Qxf5 Qxf5 37. Rxf5 Rxa4 38. Rdf1 Ng6 39. Rxf7+ Kh6
40. R7f6 Rb4 41. Ra6 Kg7 42. Rff6 Ne5 43. Rfb6 1-0

[Event "Kandidatklassen 2011"]
[Site "Odense"]
[Date "2011.04.23"]
[Round "5"]
[White "Jorgensen, Brian Jorgen"]
[Black "Ochsner, Bjorn Moller"]
[Result "1/2-1/2"]
[WhiteElo "2211"]
[BlackElo "2251"]
[PlyCount "81"]
[EventDate "2011.??.??"]
[EventCountry "DEN"]
[SourceDate "2014.05.18"]

1. d4 Nf6 2. Nf3 g6 3. Nc3 d5 4. Bf4 Bg7 5. e3 O-O 6. Be2 c5 7. Ne5 Nc6 8. O-O
cxd4 9. exd4 Qb6 10. Nxc6 bxc6 11. Na4 Qa5 12. c3 Nd7 13. b4 Qd8 14. Nc5 Nxc5
15. bxc5 Qa5 16. Qd2 e5 17. Be3 exd4 18. Bxd4 Bxd4 19. Qxd4 Re8 20. Bf3 Ba6 21.
Rfb1 Bc4 22. h4 Qc7 23. h5 Qe7 24. Rb4 Ba6 25. Rab1 Qe5 26. Qd2 Kg7 27. g3 h6
28. hxg6 fxg6 29. Kg2 Re7 30. Rh1 g5 31. Rbb1 Qf6 32. Bh5 Rf8 33. Rbe1 Rxe1 34.
Rxe1 Bd3 35. Qxd3 Qxf2+ 36. Kh3 g4+ 37. Kh4 Qf6+ 38. Kxg4 Qg5+ 39. Kh3 Qxh5+
40. Kg2 Qf7 41. Qd4+ 1/2-1/2

[Event "Kandidatklassen 2011"]
[Site "Odense"]
[Date "2011.04.23"]
[Round "5"]
[White "Pedersen, Jan Nordenbaek"]
[Black "Schou Moldt, Thomas"]
[Result "1/2-1/2"]
[WhiteElo "2246"]
[BlackElo "2125"]
[PlyCount "120"]
[EventDate "2011.??.??"]
[EventCountry "DEN"]
[SourceDate "2014.05.18"]

1. Nf3 Nf6 2. c4 g6 3. Nc3 d6 4. d4 Bg7 5. g3 O-O 6. Bg2 Nc6 7. O-O a6 8. h3
Rb8 9. Qc2 Bd7 10. e4 b5 11. cxb5 axb5 12. Bg5 Qc8 13. Kh2 Re8 14. Rfd1 Nb4 15.
Qd2 Na6 16. e5 b4 17. exf6 bxc3 18. bxc3 exf6 19. Be3 Ba4 20. Rdc1 Qf5 21. Ne1
Rb6 22. Nd3 Reb8 23. g4 Qc8 24. Nf4 Rb2 25. Qd3 c6 26. Qe4 d5 27. Qe7 R2b7 28.
Qd6 Rd7 29. Qa3 Bb5 30. Bf1 g5 31. Nh5 Qc7+ 32. Kg1 Bf8 33. Qb2 Bxf1 34. Qc2
Qd6 35. Rxf1 Nc7 36. a4 Ne8 37. f4 Rdb7 38. Ra2 Bh6 39. Ng3 Ng7 40. Qf2 Rb1 41.
fxg5 Rxf1+ 42. Nxf1 Bxg5 43. h4 Bxe3 44. Nxe3 Qe6 45. Qf4 Re8 46. Kf2 c5 47. h5
cxd4 48. cxd4 Qb6 49. Nxd5 Qb1 50. Nxf6+ Kh8 51. Nxe8 Qxa2+ 52. Kg3 Qa3+ 53.
Kh4 Qe7+ 54. Nf6 Qe1+ 55. Kh3 Qh1+ 56. Kg3 Qg1+ 57. Kf3 Qf1+ 58. Ke3 Qc1+ 59.
Ke4 Qb1+ 60. Kd5 Qb3+ 1/2-1/2

[Event "Kandidatklassen 2011"]
[Site "Odense"]
[Date "2011.04.23"]
[Round "5"]
[White "Kaaber Hansen, Jacob"]
[Black "Hartvig, Ove Weiss"]
[Result "1/2-1/2"]
[WhiteElo "2239"]
[BlackElo "2219"]
[PlyCount "33"]
[EventDate "2011.??.??"]
[EventCountry "DEN"]
[SourceDate "2014.05.18"]

1. e4 c5 2. Nf3 d6 3. d4 cxd4 4. Nxd4 Nf6 5. Nc3 g6 6. Be3 Bg7 7. f3 O-O 8. Qd2
Nc6 9. Bc4 Bd7 10. Bb3 Rc8 11. O-O a6 12. Nd5 Ne5 13. c3 Nxd5 14. Bxd5 Nc4 15.
Bxc4 Rxc4 16. Rfd1 Rc8 17. Bh6 1/2-1/2

[Event "Kandidatklassen 2011"]
[Site "Odense"]
[Date "2011.04.23"]
[Round "5"]
[White "Olsen, Peter Erik"]
[Black "Brondt, Nicolai Kvist"]
[Result "1-0"]
[WhiteElo "2201"]
[BlackElo "2151"]
[PlyCount "119"]
[EventDate "2011.??.??"]
[EventCountry "DEN"]
[SourceDate "2014.05.18"]

1. d4 d5 2. c4 c6 3. Nf3 Nf6 4. e3 Bf5 5. Nc3 e6 6. Nh4 Be4 7. f3 Bg6 8. Qb3
Qc7 9. Bd2 Be7 10. g3 Bh5 11. O-O-O g5 12. g4 Nxg4 13. fxg4 Bxg4 14. Ng2 Bxd1
15. Qxd1 f5 16. Qh5+ Kd7 17. Be1 Qd8 18. Bg3 Qe8 19. Qf3 Bd6 20. cxd5 cxd5 21.
Nxd5 exd5 22. Qxd5 f4 23. Qxb7+ Kd8 24. Bb5 Qe6 25. Qxa8 fxg3 26. hxg3 Qxa2 27.
Ne1 Qb3 28. Bd3 Bxg3 29. Qxa7 Qd5 30. Rg1 Nc6 31. Qg7 Be5 32. dxe5 Rg8 33. Qf6+
Kc8 34. Qd6 Rd8 35. Qxd5 Rxd5 36. Rxg5 Nxe5 37. Rg8+ Kc7 38. Bxh7 Rc5+ 39. Nc2
Nc4 40. Kb1 Rh5 41. Bd3 Nd2+ 42. Ka2 Rd5 43. Rg7+ Kb6 44. Rg6+ Kc7 45. Be2 Rc5
46. Na3 Re5 47. Nc4 Nxc4 48. Bxc4 Rxe3 49. b3 Kb7 50. Ka3 Ka7 51. Kb4 Re5 52.
Rd6 Rh5 53. Bd5 Rh7 54. Kb5 Kb8 55. Ra6 Rh5 56. Kc5 Rg5 57. b4 Rf5 58. b5 Kc7
59. b6+ Kb8 60. Ra8# 1-0

[Event "Kandidatklassen 2011"]
[Site "Odense"]
[Date "2011.04.23"]
[Round "5"]
[White "Rostgaard, Tobias Valentin"]
[Black "Hansen, Mads"]
[Result "0-1"]
[WhiteElo "2205"]
[BlackElo "2187"]
[PlyCount "77"]
[EventDate "2011.??.??"]
[EventCountry "DEN"]
[SourceDate "2014.05.18"]

1. Nf3 d5 2. g3 Nf6 3. Bg2 b6 4. c4 e6 5. cxd5 exd5 6. O-O Be7 7. Qa4+ Qd7 8.
Qxd7+ Nbxd7 9. d3 Bb7 10. Nd4 O-O-O 11. Bd2 Rhe8 12. b4 c5 13. bxc5 Bxc5 14.
Rc1 a6 15. Nb3 Kb8 16. Nxc5 Nxc5 17. d4 Na4 18. Bf4+ Ka7 19. e3 Rc8 20. Nd2 Nc3
21. Bf1 Rc6 22. Bd3 Nfe4 23. Nxe4 dxe4 24. Bf1 Rec8 25. Re1 a5 26. Bh3 Rd8 27.
Kh1 f6 28. g4 Bc8 29. Rec1 h5 30. Bg3 h4 31. Rc2 b5 32. Rac1 b4 33. Bxh4 Rh8
34. Bg2 Rxh4 35. Bxe4 Rd6 36. Bf5 Bb7+ 37. Kg1 g6 38. Bd3 Rxg4+ 39. Kf1 0-1

[Event "Kandidatklassen 2011"]
[Site "Odense"]
[Date "2011.04.23"]
[Round "5"]
[White "Dyrgaard, Kristoffer"]
[Black "Sorensen, Torben Kyhl"]
[Result "1/2-1/2"]
[WhiteElo "2218"]
[BlackElo "2172"]
[PlyCount "80"]
[EventDate "2011.??.??"]
[EventCountry "DEN"]
[SourceDate "2014.05.18"]

1. e4 c5 2. Nf3 Nc6 3. d4 cxd4 4. Nxd4 Nf6 5. Nc3 e5 6. Ndb5 d6 7. Bg5 a6 8.
Na3 b5 9. Bxf6 gxf6 10. Nd5 f5 11. c3 Bg7 12. exf5 Bxf5 13. Nc2 O-O 14. Nce3
Be6 15. Bd3 f5 16. O-O Kh8 17. Qh5 e4 18. Bc2 Ne7 19. Rad1 Rc8 20. f3 Nxd5 21.
Nxd5 Bxd5 22. Rxd5 Qb6+ 23. Kh1 Qe3 24. f4 b4 25. Rxf5 bxc3 26. bxc3 Bxc3 27.
Bb3 Bg7 28. Rxf8+ Rxf8 29. Qg4 Qd2 30. Bc4 d5 31. Rd1 Qxf4 32. Qxf4 Rxf4 33.
Bxd5 e3 34. Bf3 Bc3 35. Rd8+ Kg7 36. Re8 Bd2 37. Kg1 Ra4 38. Bd5 Rd4 39. Bf3
Kf7 40. Ra8 a5 1/2-1/2

[Event "Kandidatklassen 2011"]
[Site "Odense"]
[Date "2011.04.23"]
[Round "5"]
[White "Kwapinski, Leszek"]
[Black "Vovk, Oksana"]
[Result "1-0"]
[WhiteElo "2057"]
[BlackElo "2253"]
[PlyCount "77"]
[EventDate "2011.??.??"]
[EventCountry "DEN"]
[SourceDate "2014.05.18"]

1. f4 Nf6 2. Nf3 d5 3. d3 b6 4. c3 Bb7 5. Qc2 Nbd7 6. g3 g6 7. Bg2 Bg7 8. O-O
O-O 9. Ne5 c5 10. e3 Ne8 11. d4 f6 12. Nxd7 Qxd7 13. f5 gxf5 14. Rxf5 e6 15.
Rf2 Nd6 16. b3 Rac8 17. Qd1 Bh6 18. dxc5 bxc5 19. c4 d4 20. Bxb7 Nxb7 21. Nc3
f5 22. exd4 Bxc1 23. Rxc1 cxd4 24. Ne2 e5 25. Nc3 Nc5 26. Nd5 d3 27. b4 Ne4 28.
Qxd3 Qg7 29. Re2 h5 30. Rg2 Rfd8 31. Qf1 Ng5 32. h4 Nh7 33. Qxf5 Rc6 34. Qxh5
Nf8 35. Rf1 Nh7 36. Qe2 Rg6 37. Kh2 Nf8 38. Qe4 Nh7 39. Qxg6 1-0

[Event "Kandidatklassen 2011"]
[Site "Odense"]
[Date "2011.04.24"]
[Round "6"]
[White "Laursen, Niels Norskov"]
[Black "Carstensen, Jacob"]
[Result "0-1"]
[WhiteElo "2221"]
[BlackElo "2357"]
[PlyCount "100"]
[EventDate "2011.??.??"]
[EventCountry "DEN"]
[SourceDate "2014.05.18"]

1. e4 c5 2. Nf3 d6 3. d4 cxd4 4. Nxd4 Nf6 5. Nc3 a6 6. Bg5 e6 7. f4 h6 8. Bh4
Qb6 9. Bxf6 gxf6 10. Qd2 Nc6 11. Nb3 Bd7 12. O-O-O O-O-O 13. Kb1 Kb8 14. Bd3
Rc8 15. Rhf1 Be7 16. Rf3 Na5 17. Nd5 exd5 18. Nxa5 Bd8 19. Nxb7 Qxb7 20. Bxa6
Qxa6 21. Ra3 Qxa3 22. bxa3 Rc5 23. Qd4 Re8 24. Re1 Ba5 25. Re3 Kc7 26. e5 fxe5
27. fxe5 Rxe5 28. Rxe5 Bc3 29. Qf2 Rb5+ 30. Kc1 dxe5 31. Qa7+ Kd8 32. a4 Ra5
33. Qb6+ Ke7 34. Qxh6 Rxa4 35. Qg5+ Kd6 36. Qf6+ Kc7 37. Qe7 Rc4 38. h4 Kc6 39.
Qa3 Bg4 40. Qa8+ Kd6 41. Qf8+ Ke6 42. Qe8+ Kf6 43. a4 Kg7 44. Kb1 Re4 45. Ka2
Be6 46. Qe7 Bd2 47. h5 Rxa4+ 48. Kb3 Rb4+ 49. Ka3 Rb5 50. Qd8 d4 0-1